The revolution of Evelyn Serrano / (Record no. 6030)
[ view plain ]
| 000 -LEADER | |
|---|---|
| fixed length control field | 01286cam a2200361 a 4500 |
| 001 - CONTROL NUMBER | |
| control field | 6030 |
| 003 - CONTROL NUMBER IDENTIFIER | |
| control field | FISKH |
| 005 - DATE AND TIME OF LATEST TRANSACTION | |
| control field | 20250224123120.0 |
| 008 - FIXED-LENGTH DATA ELEMENTS--GENERAL INFORMATION | |
| fixed length control field | 120321s2012 nyu c b 000 1 eng c |
| 010 ## - LIBRARY OF CONGRESS CONTROL NUMBER | |
| LC control number | 2012009240 |
| 020 ## - INTERNATIONAL STANDARD BOOK NUMBER | |
| International Standard Book Number | 9780545325059 |
| 020 ## - INTERNATIONAL STANDARD BOOK NUMBER | |
| International Standard Book Number | 9780545325066 |
| 040 ## - CATALOGING SOURCE | |
| Original cataloging agency | NJQ/DLC |
| Transcribing agency | NJQ |
| Language of cataloging | eng |
| 042 ## - AUTHENTICATION CODE | |
| Authentication code | lcac |
| -- | pcc |
| 043 ## - GEOGRAPHIC AREA CODE | |
| Geographic area code | n-us-ny |
| 050 ## - LIBRARY OF CONGRESS CALL NUMBER | |
| Classification number | PZ7.M3213 R |
| 082 ## - DEWEY DECIMAL CLASSIFICATION NUMBER | |
| Classification number | 813.6 |
| 100 1# - MAIN ENTRY--PERSONAL NAME | |
| Personal name | Manzano, Sonia |
| Dates associated with a name | (1950–) |
| 245 14 - TITLE STATEMENT | |
| Title | The revolution of Evelyn Serrano / |
| Statement of responsibility, etc. | Sonia Manzano. |
| 250 ## - EDITION STATEMENT | |
| Edition statement | This edition first published in 2014 |
| 260 ## - PUBLICATION, DISTRIBUTION, ETC. | |
| Place of publication, distribution, etc. | New York : |
| Name of publisher, distributor, etc. | Scholastic, |
| Date of publication, distribution, etc. | 2012. |
| 300 ## - PHYSICAL DESCRIPTION | |
| Extent | 205 pages : |
| Dimensions | 20 cm. |
| 505 ## - FORMATTED CONTENTS NOTE | |
| Formatted contents note | R<br/> |
| 520 ## - SUMMARY, ETC. | |
| Summary, etc. | It is 1969 in Spanish Harlem, and fourteen-year-old Evelyn Serrano is trying hard to break free from her conservative Puerto Rican surroundings, but when her activist grandmother comes to stay and the neighborhood protests start, things get a lot more complicated--and dangerous. |
| 521 8# - TARGET AUDIENCE NOTE | |
| Target audience note | 720<br/> |
| Source | Lexile<br/> |
| 521 8# - TARGET AUDIENCE NOTE | |
| Target audience note | R<br/> |
| Source | Raz-Plus<br/> |
| 650 #0 - SUBJECT ADDED ENTRY--TOPICAL TERM | |
| Topical term or geographic name entry element | Grandmothers |
| Form subdivision | Juvenile fiction. |
| 650 #0 - SUBJECT ADDED ENTRY--TOPICAL TERM | |
| Topical term or geographic name entry element | Grandparent and child |
| Form subdivision | Juvenile fiction. |
| 650 #0 - SUBJECT ADDED ENTRY--TOPICAL TERM | |
| Topical term or geographic name entry element | Identity (Psychology) |
| Form subdivision | Juvenile fiction. |
| 906 ## - LOCAL DATA ELEMENT F, LDF (RLIN) | |
| a | 7 |
| b | cbc |
| c | orignew |
| d | 1 |
| e | ecip |
| f | 20 |
| g | y-gencatlg |
| 942 ## - ADDED ENTRY ELEMENTS (KOHA) | |
| Source of classification or shelving scheme | Dewey Decimal Classification |
| Koha item type | Books |
| Suppress in OPAC | No |
| Withdrawn status | Lost status | Source of classification or shelving scheme | Damaged status | Not for loan | Collection | Home library | Current library | Shelving location | Date acquired | Total Checkouts | Full call number | Barcode | Date last seen | Copy number | Price effective from | Koha item type |
|---|---|---|---|---|---|---|---|---|---|---|---|---|---|---|---|---|
| Dewey Decimal Classification | Juvenile Fiction | Footprints International School Library Network Toul Kork Campus | Footprints International School Library Network Toul Kork Campus | TTP Primary Orange Bookshelves | 02/24/2025 | MAN 813.6 PZ7.M3213 R | 2025-0679 | 02/24/2025 | 1 | 02/24/2025 | Books |
